All wars the United States has been in - Statistics

General Stats
  • This quiz has been taken 60 times
  • The average score is 10 of 17
Answer Stats
Hint Answer % Correct
1917-1918 World War One
100%
1861-1865 American Civil War
88%
1955-1975 Vietnam War
88%
1950-1953 Korean War
86%
1941-1945 World War Two
84%
1775-1783 American Revolution
80%
1812-1815 War of 1812
80%
1898-1898 Spanish-American War
71%
1990-1991 Gulf War
69%
2003-2011 Iraq War
67%
1846-1848 Mexican-American War
65%
1756-1763 French and Indian War
51%
2001-2021 War in Afghanistan
45%
1675-1676 King Philip's War
27%
1744-1748 King George's War
6%
1689-1697 King William's War
6%
1702-1713 Queen Anne's War
4%
No matching quizzes found
Score Distribution
Percent of People with Each Score
Percentile by Number Answered
Your Score History
You have not taken this quiz